00322nam a2200121Ia 45000030006000000080041000060400015000471000036000622450064000982600009001625460012001710050017001830STCL150530s9999 xx 000 0 und d aSTCLcSTCL aChristian Communities in Kerala aSouvenir ninteenth Centenary of the Martyrdom of St. Thomas c1972 aEnglish20220125165724.0